Quizzes
Events
Quiz Creation
Community
Videos
Private Events
Remove Ads
Sign In
Join for FREE
Feedback
Dark Mode
Quiz Categories
Sports
Geography
Music
Movies
Television
Just For Fun
Miscellaneous
History
Literature
Language
Science
Gaming
Entertainment
Religion
Holiday
For Kids
Quiz Lab
Recent
Popular Today
Quiz Kudos Today
Editor Picks
Curator Picks
Quizzes by...
Day
Popularity
Type
Ratings
Length
Year
Community
Subscriptions
Recent Discussions
Orange Saloon
Badges
Playlists
Quests
Create
Leaderboards
Showdown
Live 5
Trivia Bingo
Activity
Puzzle Library
Sporcle Events
Private Events
Virtual Trivia
Globe League
Become a Host
Pub Owners
SporcleCon
Opinionation
Our Games
Videos
Blog
Mobile Apps
Partnerships
Remove Ads and Go Orange
Feedback
Television
TV Characters
TV Show
Sitcom
Network
Friends
Reality Shows
Cast
South Park
Star Trek
The Simpsons
Doctor Who
Television
TV Characters
TV Show
Sitcom
Network
Friends
Reality Shows
Cast
South Park
Star Trek
The Simpsons
Doctor Who
Random Quiz
Search Sporcle
×
Quiz Lab
Quiz Lab
Television
Marvel
Type in answers that appear in a list
Type in answers that appear in a list
Classic
Best Score? Go Orange.
Cartoon Theme: Captain America Stats
Can you guess the words to Captain America's 1966 cartoon series theme?
By
dalejr88a
5m
44 Questions
81 Plays
81 Plays
81 Plays
Comments
Comments
Give Quiz Kudos
Give Quiz Kudos
-
- Ratings
hide this ad
Replay
Link that replays current quiz
Next Quiz
Link to next quiz in quiz playlist
You Got
0%
They Got
Avg Score
67%
Avg Friend Score
Upgrade to see
Score Distribution
Jump to the score distribution portion of the page
Score
0/44
Timer
05:00
0
Plays Today
Lyrics
% Correct
Captain
93.8%
America
93.8%
Captain
93.8%
America
93.8%
a
92.5%
a
92.5%
the
80%
the
80%
the
80%
shield,
78.8%
shield
78.8%
shield.
78.8%
his
77.5%
his
77.5%
his
77.5%
mighty
75%
mighty
75%
When
73.8%
When
73.8%
throws
72.5%
throws
72.5%
All
71.3%
Lyrics
% Correct
who
71.3%
those
68.8%
must
68.8%
red
68.8%
blue'll
68.8%
and
67.5%
and
67.5%
white
67.5%
and
67.5%
oppose
65%
yield,
65%
to
52.5%
is
50%
come
47.5%
he's
46.3%
fight
45%
through
45%
If
33.8%
due,
33.8%
duel
31.3%
Then
30%
led
28.8%
Quiz Playlist
Details
Report
Send in Message
Add To Playlist
Classic:
Type in answers that appear in a list
Quiz Source
Last Updated: Feb 16, 2017
Quiz Scoreboard
CHALLENGE
Sign Up to Join the Scoreboard
Show All
Scores
Hide
Comments
May contain spoilers
Recently Published
One Thing in Common: World Cities II
by knightlancer
Geography
7m
Popular People in 1961
by mucciniale
History
6m
1-10 Letter E Words III
by El_Dandy
Language
2m
More to Explore
Quiz From the Vault
Featured Blog Post
Where Did the Easter Bunny Come From?
hide this ad
You Might Also Like...
Tags
Marvel Quiz
1966
Captain America
Cartoon Song
Cartoon Theme
Classic Cartoons
Marvel Characters
Marvel Superheroes
Today's Top Quizzes in Television
Browse Television
hide this ad
Today's Top Quizzes in Marvel
Browse Marvel
Top Contributed Quizzes in Television
1
One Piece Logic Puzzle
2
Survivor Logic Puzzle: Heroes vs. Villains
3
Survivor Seasons
4
Survivor Season by Logo
5
Survivor Trivia
6
Survivor Logic Puzzle: Winners at War
7
Ultimate Survivor Logic Puzzle
8
Phoebe Buffay Quotes
9
Emmerdale Characters (from August 2012)
10
One Thing in Common: Television
Explore More
Trending Topics
Anime
NBA
Disney
Marvel
Crossword
Harry Potter
Kpop
Pokémon
Country
Puzzle
WWE
NFL
The Office
Song
Soccer
hide this ad
More By:
dalejr88a
Quiz
Plays
Rating
Category
Featured
Created
Pixar Movie Taglines
84,815
4.48
Movies
Dec 2, 2014
Dreamworks Animation by Tagline
39,101
4.16
Movies
Dec 3, 2014
Four Seasons
21,398
2.17
Miscellaneous
Mar 31, 2016
Han Solo Quotes
20,394
4.47
Movies
Dec 2, 2015
Quick Pick: Star Wars Quotes
20,228
4.28
Just For Fun
May 4, 2016
Go to Creator's Profile
Score Distribution
Quiz Creator Spotlight
dalejr88a
Follow
Send a Message
Quizzes Created
-
Created Quiz Play Count
-
More By This Creator
Popular Quizzes Today
1
Find the US States - No Outlines Minefield
2
Find the Countries of Europe - No Outlines Minefield
3
The Countries of the World
4
Popular People in 1961
5
1-10 Letter E Words III
6
Find the US States
7
One Thing in Common: World Cities II
8
US States
More Television Quizzes
Synopsis: Simpsons, Season 2
Quiz Lab
Trending Quizzes
Risky Map Clicking: Least Populous States A-Z
1-10 Letter F Words
1-10 Letter G Words
One Thing in Common: United Kingdom
Risky Map Clicking: Biggest States A-Z
Recently Updated
Leaping Animals
pecheneg
Reality TV Shows (A-Z)
bhenderson79
Rickey Henderson's Hall of Fame Teammates
pecheneg
Champions League XIs: Arsenal
pecheneg
Quick Pick: Celebrities in WWE's Hall of Fame
aduchscher
A-Z Keypad Blitz II
pecheneg
Multiple Oscar Actors
pecheneg
Mystery Phrase Blitz: Oscar 'Best Actors'
pecheneg
F. Scott Fitzgerald Novels
LTH
Pick 3 Villains
ddd62291
Trending Topics
Harry Potter
Anime
Marvel
Kpop
Disney
Crossword
NBA
Song
The Office
NFL
Puzzle
WWE
Soccer
Pokémon
Country
Your Account Isn't Verified!
In order to create a playlist on Sporcle, you need to verify the email address you used during registration. Go to your
Sporcle Settings
to finish the process.
Report this User
Report this user for behavior that violates our
Community Guidelines
.
Details:
Send Report
Go to the Sporcle.com Mobile Site →
Comments